| 000 | 00693nam a2200217 a 4500 | ||
|---|---|---|---|
| 001 | 54729 | ||
| 003 | BD-RjUL | ||
| 005 | 20211209080148.0 | ||
| 008 | 161109s1927 enk 000 0deng d | ||
| 040 |
_a(BD-RjUL)54851 _beng _cBD-RjUL _dBD-RjUL |
||
| 041 | _aeng | ||
| 082 |
_223 _a824 _bMIA 1950 |
||
| 100 | 1 |
_aMilton, John, _d1608-1674. _9163169 |
|
| 245 | 1 | 0 |
_aAreopagitica : _band other prose works / _cJohn Milton |
| 260 |
_aLondon : _bDent, _c1927 [reprinted 1950] |
||
| 300 |
_axv, 306 p. ; _c18 cm. |
||
| 490 | 1 |
_aEveryman's library ; _vno.795 |
|
| 650 | 0 |
_aFreedom of the press _zEngland _vEarly works to 1800. _9163170 |
|
| 830 | 0 |
_aEveryman's library ; _vno.795 _9116745 |
|
| 942 |
_2ddc _cBK |
||
| 999 |
_c54729 _d54729 |
||